000 00546nam a2200133Ia 4500
008 220216s9999 xx 000 0 und d
100 _aMohanan K G
245 3 _aAn Overview of rubber plantation development in North East India
260 _bGlobal Competitiveness of Indian Rubber Plantation Industry : Rubber Planters Conference, India 2002. (Eds. C. Kuruvilla Jacob). Rubber Research Institute of India, Kottayam, Kerala, pp.359-368.
650 _aRubber plantation
700 _aKrishnakumar A K
700 _aLalithakumari E
942 _cJS
999 _c54182
_d54182